A Szovjetunió és a Csehszlovák Köztársággazdasági földrajza. Kiserleti tananyag a csehszlovákiai, általános múveltséget nyújtó magyar tannyelvú tizenkétéves középiskolák 11. évf. számára

Bibliographic Details
Main Author: Blažek, Miroslav, 1916-1983 (Author)
Other Authors: Oravský, Eduard, 1904-1989 (Translator)
Format: Book
Language:Hungarian
PhysicalDescription:176, [1] s. 8°
Published: Bratislava Slovenské pedagogické nakladateľstvo 1960
Subjects:

MARC

LEADER 00000nam a2200000 a 4500
001 vtls008354004
003 SK-MaSNL
005 20260311132704.0
008 230403s1960 xo hun
015 |a SNBA1960/10-01611 
035 |a SK01SNK19600046221 
035 |a urn:nbn:sk:snk-am3h6wl 
035 |a urn:nbn:sk:snk-am00cq3r 
035 |a 9FB6FB98-F364-4543-84A9-A77F0AC205BA 
035 |a SKM000048684 
040 |a SNK  |b slo  |c SNK  |e AACR2 
041 0 |a hun 
044 |a xo  |c SK 
080 |a 911.3::33(437+47)  |2 1981 
100 1 |a Blažek, Miroslav,  |d 1916-1983  |4 aut  |9 131295 
245 1 0 |a A Szovjetunió és a Csehszlovák Köztársággazdasági földrajza. Kiserleti tananyag a csehszlovákiai, általános múveltséget nyújtó magyar tannyelvú tizenkétéves középiskolák 11. évf. számára  |c szerzők Miroslav Blažek ; magyarra ford. Eduard Oravský 
260 |a Bratislava  |b Slovenské pedagogické nakladateľstvo  |c 1960  |e Bratislava  |f Západoslovenské tlačiarne 
300 |a 176, [1] s.  |c 8° 
500 |a Ilustr. Pozn. Tb. Fot. Mp. Grafy. 
563 |a 300 výtl. 
650 0 7 |a ekonomická geografia  |2 SNKPH  |9 841 
651 7 |a Československo  |2 SNKPHgeo  |9 21376 
651 7 |a Sovietsky zväz  |2 SNKPHgeo  |9 22126 
655 7 |a učebnice  |2 SNKPH  |9 22521 
700 1 |a Oravský, Eduard,  |d 1904-1989  |4 trl  |9 120359 
852 |a Slovenská národná knižnica 
954 |a odborná, vedecká literatúra cudzojazyčná (svetová)  |2 lita 
958 |a OND 
958 |a TL 
958 |a RK 
958 |a UC 
958 |a HU 
958 |a EUIPO 
999 |c 821985  |d 823915 
952 |a SNK  |b SNK  |y PREZ  |7 0  |p 17A0662820  |o snkSD 18896  |i snkKSP 3054/60  |0 0  |1 0  |4 0  |d 2010-07-26  |f 1  |l 0  |r 2025-12-02 00:00:00  |w 2026-02-24